| 000 | 00589nam a2200181 a 4500 | ||
|---|---|---|---|
| 001 | 000040707 | ||
| 005 | 20201002034323.0 | ||
| 008 | 130905s20uu sp 000 0 spa d | ||
| 020 | _a9788469528112 | ||
| 040 |
_aDO-SdBNP _bspa _cBNPHU |
||
| 100 | 1 |
_aFernández Bonilla, Eva _967087 |
|
| 245 | 1 | 3 |
_aEl Embarazo / _cEva Fernández Bonilla, Ana López Jiménez, Carmén Aguilar Cobo. |
| 260 |
_a[España] : _bLa Regeneración, _c[20-?]. |
||
| 300 |
_a54 p. ; _c22 cm. |
||
| 504 | _aBibliografía : p. 53-54 | ||
| 700 | 1 |
_aLópez Jiménez, Ana _967088 |
|
| 700 | 1 |
_aAguilar Cobo, Carmén _967089 |
|
| 999 |
_c40197 _d40197 |
||